|
|
|
|
| LEADER |
00000nam0a2200000 4500 |
| 001 |
52614 |
| 005 |
20231101211358.0 |
| 010 |
|
|
|a 5211044762
|
| 035 |
|
|
|a (RuTPU)RU\TPU\book\55153
|
| 090 |
|
|
|a 52614
|
| 100 |
|
|
|a 20030604d2002 km y0rusy50 ca
|
| 101 |
0 |
|
|a rus
|
| 102 |
|
|
|a RU
|
| 105 |
|
|
|a a z 001zy
|
| 200 |
1 |
|
|a Иран vs Ирак: история и современность
|f А. А. Алиев
|
| 210 |
|
|
|a Москва
|c Изд-во Московского ун-та
|d 2002
|
| 215 |
|
|
|a 768 с.
|c ил.
|
| 320 |
|
|
|a Библиогр.: с. 758-764.
|
| 320 |
|
|
|a Указатель географических и топографических названий: с.749-757.
|
| 320 |
|
|
|a Именной указатель: с. 724-748.
|
| 606 |
1 |
|
|a Ирак
|x История
|2 stltpush
|3 (RuTPU)RU\TPU\subj\69062
|9 84061
|
| 606 |
1 |
|
|a Иран
|x История
|2 stltpush
|3 (RuTPU)RU\TPU\subj\69063
|9 84062
|
| 610 |
1 |
|
|a международные отношения
|
| 610 |
1 |
|
|a персы
|
| 610 |
1 |
|
|a арабы
|
| 610 |
1 |
|
|a Древний мир
|
| 610 |
1 |
|
|a средние века
|
| 610 |
1 |
|
|a Халифат
|
| 610 |
1 |
|
|a ислам
|
| 610 |
1 |
|
|a государство
|
| 610 |
1 |
|
|a войны
|
| 610 |
1 |
|
|a политика
|
| 610 |
1 |
|
|a 20 век
|
| 686 |
|
|
|a Т3(5Ирк)
|v LBC/SL-A
|2 rubbk
|
| 686 |
|
|
|a Т3(5Ирн)
|v LBC/SL-A
|2 rubbk
|
| 700 |
|
1 |
|a Алиев
|b А. А.
|g Ариф Али-Гусейнович
|
| 801 |
|
1 |
|a RU
|b 63413507
|c 20030604
|g PSBO
|
| 801 |
|
2 |
|a RU
|b 63413507
|c 20130410
|g PSBO
|
| 942 |
|
|
|c BK
|